Capitales les plus proches de Berlin - Statistiques

Statistiques générales
  • Ce quiz a été pris 203 fois
  • Le résultat moyen est 16 sur 20
Statistiques - réponses
km capitale % Correct
880 Paris
98%
524 Vienne
95%
652 Bruxelles
94%
578 Amsterdam
93%
518 Varsovie
92%
754 Berne
91%
603 Luxembourg
91%
355 Copenhague
89%
689 Budapest
87%
281 Prague
87%
840 Oslo
84%
553 Bratislava
79%
933 Londres
79%
810 Stockholm
79%
661 Vaduz
76%
848 Riga
68%
724 Ljubljana
67%
820 Vilnius
66%
771 Zagreb
64%
954 Minsk
63%
Aucun quiz correspondant
Distribution des résultats
% des personnes avec chaque résultat
Percentile par nombre de réponses
Votre historique - résultats
Vous n’avez pas pris ce quiz